| 000 | 00487nam a2200181Ia 4500 | ||
|---|---|---|---|
| 003 | OSt | ||
| 005 | 20140321135053.0 | ||
| 008 | 140130s9999 xx 000 0 und d | ||
| 020 | _a0439165148 | ||
| 050 |
_aLB 1573.7 _b.Ou98 2002 |
||
| 100 | _aOutsen, Nicole | ||
| 245 |
_aTeaching comprehension strategies all readers need / _cNicole Outsen. |
||
| 260 |
_bScholastic, _c2002. _aNew York : |
||
| 300 |
_a128 p. : _bill. ; _c26 cm. |
||
| 440 | _v1 | ||
| 942 |
_cBK _2lcc |
||
| 999 |
_c41649 _d41649 |
||